Práva spotrebiteľov na slovenskom finančnom trhu (NBS Sk) diplomová práca

Enregistré dans:
Détails bibliographiques
Auteur principal: Bakó, Lukáš
Collectivité auteur: Obchodná fakulta EU. Katedra marketingu
Autres auteurs: Dzurová, Mária
Format: Livre
Langue:slovaque
Publié: Bratislava 2019
Tags: Ajouter un tag
Pas de tags, Soyez le premier à ajouter un tag!

MARC

LEADER 00000nbm a2200000 4500
001 0254063
005 20190704133518.7
041 0 |a slo 
044 |a SK 
245 1 0 |a Práva spotrebiteľov na slovenskom finančnom trhu (NBS Sk)  |b diplomová práca  |c Lukáš Bakó ; školiteľ: Mária Dzurová 
264 1 |a Bratislava  |c 2019 
300 |a 72 s. 
100 1 |a Bakó, Lukáš 
700 1 |a Dzurová, Mária 
710 2 |a Obchodná fakulta EU. Katedra marketingu